000 00476nmm a2200157Ia 4500
008 251105s9999||||xx |||||||||||||||||und||
020 _a9789560102195
041 _aspa
100 _aHoz, Juan Pablo de la
245 0 _aChile gay: testimonios de vida, amor y dolor
264 _a[Santiago de Chile, Chile] :
_bRil editores,
_c2015
300 _a182 páginas
650 _aGender and Women Studies
856 _uhttps://public.digitaliapublishing.com/a/42562
942 _cCF
999 _c93712
_d93712